<?xml version="1.0" encoding="UTF-8"?>
<record
    xmlns:xsi="http://www.w3.org/2001/XMLSchema-instance"
    xsi:schemaLocation="http://www.loc.gov/MARC21/slim http://www.loc.gov/standards/marcxml/schema/MARC21slim.xsd"
    xmlns="http://www.loc.gov/MARC21/slim">

  <leader>00973cam a22002411  4500</leader>
  <controlfield tag="001">sg 45000069 </controlfield>
  <controlfield tag="003">DLC</controlfield>
  <controlfield tag="005">20260227112745.0</controlfield>
  <controlfield tag="008">820128s1944    xx a          000 0 eng  </controlfield>
  <datafield tag="010" ind1=" " ind2=" ">
    <subfield code="a">sg 45000069 </subfield>
  </datafield>
  <datafield tag="035" ind1=" " ind2=" ">
    <subfield code="a">(OCoLC)14736686</subfield>
  </datafield>
  <datafield tag="040" ind1=" " ind2=" ">
    <subfield code="a">DLC</subfield>
    <subfield code="c">DNLM</subfield>
    <subfield code="d">DLC</subfield>
  </datafield>
  <datafield tag="042" ind1=" " ind2=" ">
    <subfield code="a">premarc</subfield>
  </datafield>
  <datafield tag="050" ind1="0" ind2="0">
    <subfield code="a">RF290</subfield>
    <subfield code="b">.M78 1944</subfield>
  </datafield>
  <datafield tag="060" ind1="0" ind2=" ">
    <subfield code="a">WV 276</subfield>
    <subfield code="b">M963p 1944</subfield>
  </datafield>
  <datafield tag="100" ind1="1" ind2=" ">
    <subfield code="a">Muncie, Curtis H.</subfield>
    <subfield code="q">(Curtis Hamilton),</subfield>
    <subfield code="d">1887-</subfield>
  </datafield>
  <datafield tag="245" ind1="1" ind2="0">
    <subfield code="a">Prevention and cure of deafness through Muncie reconstruction method,</subfield>
    <subfield code="c">by Dr. Curtis H. Muncie; outlining constructive finger surgery, reconstruction of the Eustachian tube, reconstruction of the nares, reconstruction of the tonsils.</subfield>
  </datafield>
  <datafield tag="250" ind1=" " ind2=" ">
    <subfield code="a">7th rev. ed.</subfield>
  </datafield>
  <datafield tag="260" ind1=" " ind2=" ">
    <subfield code="a">New York city,</subfield>
    <subfield code="b">The Muncie institute for hearing,</subfield>
    <subfield code="c">c1944.</subfield>
  </datafield>
  <datafield tag="300" ind1=" " ind2=" ">
    <subfield code="a">75 p.  6 pl.</subfield>
    <subfield code="b">ill.</subfield>
  </datafield>
  <datafield tag="504" ind1=" " ind2=" ">
    <subfield code="a">"Technical writings by the author": p. 67-69.  "Lay publications and biographies": p. 70.</subfield>
  </datafield>
  <datafield tag="710" ind1="2" ind2=" ">
    <subfield code="a">Muncie institute for hearing, New York.</subfield>
  </datafield>
  <datafield tag="999" ind1=" " ind2=" ">
    <subfield code="c">90546</subfield>
    <subfield code="d">90546</subfield>
  </datafield>
</record>
